ABBA As Good As New-Lyrics Quiz - Statistics

General Stats
  • This quiz has been taken 22 times
  • The average score is 299 of 376
Answer Stats
Answer % Correct
a
100%
an
100%
And
100%
and
100%
As
100%
as
100%
for
100%
go
100%
good
100%
I
100%
is
100%
it
100%
love
100%
my
100%
My
100%
new
100%
to
100%
you
100%
intention
92%
keeping
92%
that
92%
at
85%
be
85%
better
85%
even
85%
have
85%
it's
85%
It's
85%
know
85%
like
85%
now
85%
Now
85%
again
77%
had
77%
Just
77%
life
77%
look
77%
Ma
77%
ma
77%
me
77%
near
77%
never
77%
Never
77%
on
77%
think
77%
too
77%
used
77%
way
77%
why
77%
Why
77%
Yes
77%
But
69%
but
69%
growing
69%
I'll
69%
I'm
69%
make
69%
we
69%
always
62%
could
62%
dimension
62%
don't
62%
God
62%
here
62%
I've
62%
need
62%
Saying
62%
so
62%
such
62%
taking
62%
together
62%
true
62%
am
54%
Boy
54%
'cause
54%
How
54%
not
54%
our
54%
thought
54%
was
54%
were
54%
all
46%
anymore
46%
enough
46%
Feel
46%
found
46%
Gotta
46%
lousy
46%
meant
46%
mistake?
46%
out
46%
standing
46%
stay
46%
thank
46%
the
46%
break
38%
creep
38%
Darling
38%
dumb
38%
end
38%
notion
38%
packing
38%
put
38%
show
38%
up
38%
another
31%
deep
31%
entitled
31%
felt
31%
stuff
31%
baby
23%
beg
23%
cheap
23%
feels
15%
forgive
15%
please
15%
tough
15%
rotton
8%
No matching quizzes found
Score Distribution
Percent of People with Each Score
Percentile by Number Answered
Your Score History
You have not taken this quiz